banner-ar

الحليات المعمارية على الفنون التطبيقية فى الاندلس منذ عصر الدولة الاموية حتى سقوط دولة بنى نصر / (Record no. 65796)

MARC details
000 -الفاتح
حقل البيانات ثابتة الطول 01377nam a22002777a 4500
005 - وقت وتاريخ اخر تعامل مع التسجيلة
رقم الضبط 20240530110843.0
008 - عناصر البيانات ثابتة الطول - معلومات عامة
حقل البيانات ثابتة الطول 200912s2020 ua a f b 000 0dara d
017 ## - رقم الايداع القانونى
رقم الايداع القانونى 2019/3951
المصدر ( الهيئة المختصة) مصر. دار الكتب
020 ## - الرقم الدولى المعيارى للكتب
الرقم الدولى المعيارى للكتاب 97897775359306
040 ## - مصدر الفهرسة
وكالة الفهرسة الأصلية EG-CaGPL
وكالة النسخ EG-CaGPL
082 04 - رقم تصنيف ديوى العشرى
رقم الطبعة 21
رقم التصنيف 729\
رقم المادة ح ح
100 0# - المدخل الرئيسى - إسم شخصى
الإسم الشخصى حسين صبرى الزغبى
245 12 - بيان العنوان
العنوان الحليات المعمارية على الفنون التطبيقية فى الاندلس منذ عصر الدولة الاموية حتى سقوط دولة بنى نصر /
بيان المسئوليه,etc تاليف حسين صبرى الزغبى ؛ تقديم حنان عبدالفتاح مطاوع
250 ## - بيان الطبعة
بيان الطبعة ط.1
260 ## - PUBLICATION, DISTRIBUTION, ETC. (IMPRINT)
تاريخ النشر أو التوزيع 2020
300 ## - الوصف المادى
التعداد 560 ص. :
تفاصيل ماديه اخرى للوعاء صور لو ؛
أبعاد الوعاء 24 سم.
504 ## - تبصرة ببليوجرافية
تبصرة ببليوجرافية,الخ يشتمل على ارجاعات ببليوجرافية
650 07 - المدخل الاضافى بالموضوع-مصطلح موضوعى
مصطلح موضوعي الاثار الاسلامية
مصدر الرأس أو المصطلح qrmak
650 07 - المدخل الاضافى بالموضوع-مصطلح موضوعى
مصطلح موضوعي الاثار الاسلامية
التقسيم الفرعي الجغرافي الاندلس
التقسيم الفرعي الزمني عصر الدولة الاموية
مصدر الرأس أو المصطلح qrmak
650 07 - المدخل الاضافى بالموضوع-مصطلح موضوعى
مصطلح موضوعي العمارة الاسلامية
مصدر الرأس أو المصطلح qrmak
التقسيم الفرعي الجغرافي الاندلس
650 07 - المدخل الاضافى بالموضوع-مصطلح موضوعى
مصطلح موضوعي العمارة الاسلامية
التقسيم الفرعي الجغرافي دولة بنى نصر
651 ## - المدخل الاضافى بالموضوع - اسم جغرافى
الاسم الجغرافي دولة بنى نصر
700 0# - المدخل الاضافى - اسم شخصى
الإسم الشخصى حنان عبدالفتاح مطاوع
الدور مقدم
942 ## - عناصر المدخل الإضافي( كوها)
مصدر التصنيف او مخطط الترفيف Dewey Decimal Classification
Koha [default] item type كتاب
260 ## - PUBLICATION, DISTRIBUTION, ETC. (IMPRINT)
-- الاسكندرية :
-- دار الوفاء لدنيا الطباعة و النشر،
Holdings
حالة التراجع حالة الفقد حالة تلف ليس للاعارة المكان المؤقت الموقع الحالى موقع الترفيف تاريخ الاكتساب اجمالي اﻻعارات رقم الطلب الباركود تاريخ اخر مشاهدة تاريخ تفعيل السعر نوع وعاء كوها
        مكتبة القاهرة الكبرى مكتبة القاهرة الكبرى   10/03/2020   729\ ح ح 166917 10/03/2020 10/03/2020 كتاب

Powered By

EGPV